000 00289nam a2200121Ia 4500
008 190216s9999||||xx |||||||||||||| ||und||
100 _aCherusseri
245 0 _aKuchela Sadgadi Krishnagada
260 _bCalicut University Publications
300 _a56
650 _aKavitha
942 _cBK
999 _c28061
_d28061